West Ham Squad 23/24 - Statistics

General Stats
  • This quiz has been taken 94 times
    78 since last reset
  • The average score is 21 of 24
Answer Stats
# Nation Former Club Answer % Correct
1 Poland Swansea City Lukasz Fabianski
98%
4 France Chelsea Kurt Zouma
95%
28 Czech Rep Slavia Praha Tomas Soucek
95%
5 Czech Rep Slavia Praha Vladimir Coufal
95%
10 Brazil Olympique Lyon Lucas Paqueta
93%
14 Ghana Ajax Mohammed Kudus
93%
3 England Ipswich Town Aaron Cresswell
90%
19 Mexico Ajax Edson Alvarez
90%
33 Italy Chelsea Emerson
90%
7 England Southampton James Ward-Prowse
90%
9 Jamaica Nottingham Forest Michail Antonio
90%
27 Morocco Stade Rennais Nayef Aguerd
90%
8 Spain Villarreal Pablo Fornals
90%
17 Ivory Coast Burnley Maxwel Cornet
88%
21 Italy Juventus Angelo Ogbonna
86%
20 England Hull City Jarrod Bowen
86%
22 Algeria Brentford Said Benrahma
85%
23 France PSG Alphonse Areola
83%
2 England Youth Ben Johnson
83%
24 Germany PSG Thilo Kehrer
83%
18 England Aston Villa Danny Ings
78%
15 Greece Stuttgart Kostas Mavropanos
76%
12 England Swansea City Flynn Downes
63%
32 England Youth Conor Coventry
47%
No matching quizzes found
Score Distribution
Percent of People with Each Score
Percentile by Number Answered
Your Score History
You have not taken this quiz since the last reset